Music Quiz

Random Music or Lyrics Quiz

It's the End of the World as We Know It Quiz Stats

Quiz not verified by Sporcle

Also try: Two-Word Albums
Challenge
Share
Tweet
Embed
Score 0/62 Timer 10:00
0 Plays Today
Lyrics Lyrics % Correct
That's great, it starts with anearthquake
93.5%
Lenny Bruce is not afraid
81.7%
birds and snakes , anaeroplane
78.7%
It's theend of the world as we know it
55.6%
It's theend of the world as we know it
54.4%
It's theend of the world as we know it
53.8%
andI feel fine
52.7%
Eye of a hurricanelisten to yourself churn
51.5%
It's theend of the world as we know it
48.5%
It's theend of the world as we know it
47.9%
It's theend of the world as we know it
47.9%
andI feel fine
46.7%
It's theend of the world as we know it
40.2%
and Ifeel fine
40.2%
and Idecline
39.6%
It's theend of the world as we know it
39.6%
It's theend of the world as we know it
39.6%
Slash and burnreturn
37.3%
LeonardBernstein
37.3%
Six o'clockTV hour
34.9%
Offer me solutions,offer me alternatives
34.9%
right?Right.
34.9%
in a government for hire and acombat site
33.1%
A tournament,a tournament,
32.5%
listen toyourself churn
31.4%
Step down,step down
30.8%
Birthday partycheesecake
30.2%
with the furiesbreathing down your neck
29.6%
a tournamentof lies
29%
Renegade andsteer clear!
27.8%
You symbiotic,patriotic,
27.2%
Lyrics Lyrics % Correct
this means no fearcavalier
26.6%
feelingpretty psyched
24.9%
Lenny Bruce andLester Bangs
24.9%
You vitriolicpatriotic
24.3%
jelly beanboom!
23.7%
It's time Ihad some time alone
21.3%
but it'll do. Save yourself,serve yourself
20.7%
Don't get caught inforeign tower
20.1%
LeonidBrezhnev
18.3%
brightlight
17.2%
Every motiveescalate
17.2%
continentaldrift divide
16.6%
Automotiveincinerate
15.4%
Lock him inuniform
14.2%
and book burning,blood letting
14.2%
Look at that low plane!Fine then
13%
Light a candlelight a motive
11.8%
slamfight
11.2%
Left her, wasn'tcoming in a hurry
10.7%
World serves its own needslisten to your heart bleed
10.7%
Watch a heelcrush, crush, uh oh
8.9%
Wire in a firerepresent the seven games
8.3%
world serves its own needsregardless of your own needs
7.1%
Uh oh, overflow,population, common group
7.1%
Team by team reporters baffledtrump, tethered crop
6.5%
Feed it up a knock, speedgrunt no, strength no
5.9%
Ladder structure clatter withfear of height, down height
5.3%
The other nightI tripped a nice
5.3%
Mount St.Edelite
5.3%
slam,but neck,
4.1%
Tell me with the rapture and thereverent in the right - right
1.8%

You're not logged in!

Compare scores with friends on all Sporcle quizzes.
Sign Up with Email
OR
Log In

You Might Also Like...

Show Comments

Extras

Top Quizzes Today


Score Distribution

Your Account Isn't Verified!

In order to create a playlist on Sporcle, you need to verify the email address you used during registration. Go to your Sporcle Settings to finish the process.